• 首页
  • 本馆介绍
  • 公告通知
  • 最新文献
  • 馆藏检索
  • 电子资源
  • 读者导购
  • 参考咨询
  • 我的图书馆
  • 登录
  • 详细信息显示
  • 放入我的书架
  • 预约/预借图书
  • 作者相关作品
  • 分类相关作品
  • 丛书相关作品
  • 出版社相关作品

书目信息

  • 表格格式
  • 工作单格式
  • 卡片格式
题名:
物种起源
    
 
作者: 达尔文著 李虎 译
分册:  
出版信息: 北京   清华大学出版社  2012.60
页数: 402
开本: 23cm
丛书名:
单 册:
中图分类: Q11
科图分类:
主题词: 生物--进化 , 生物--发展
电子资源:
ISBN: 7-302-27548-0
000 00575nam0 2200193 450
001 1735965424
005 20170410095925.42
010    @a7-302-27548-0@b精装
100    @a20170410d km y0chiy0120 ea
101 0  @achi
200 1  @a物种起源@Awu zhong qi yuan@f达尔文著 李虎译@Fda er wen zhu li hu yi
210    @a北京@c清华大学出版社@d2012.60
215    @a402@d23cm
606 0  @a生物@x进化
606 0  @a生物@x发展
690    @aQ11@v4
701  0 @a达尔文著 李虎@Ada er wen zhu li hu@4译
801  0 @aCN@b大连网信软件有限公司图书馆·11@c20170410
905    @b6604831@dQ11@en22@f1
    
    物种起源/达尔文著 李虎译.-北京:清华大学出版社,2012.60
    402;23cm
    
    
    ISBN 7-302-27548-0(精装):
    
●
相关链接 在E读中查询图书 在五车中查询图书 在当当中查询图书 在豆瓣中查询图书


正题名:物种起源     索取号:Q11/n22         预约/预借

序号 登录号 条形码 馆藏地/架位号 状态 备注
1 6604831   266048314   密集书库-生命科学系/ [索取号:Q11/n22] 在馆    
唐山师范学院图书馆 欢迎您!
大连网信软件有限公司© 版权所有